000 00313nam a2200157Ia 4500
100 _aAvadhanulu
650 _aPhysics
942 _cBK
366 _f20
654 _aengineering physics
245 _aText book of Engineering Physics
260 _b#N/A
082 _bAVA
546 _aENGLISH
999 _c31550
_d31550